000 00183nam a22000977a 4500
082 _a823
_bJOH/T
100 _aJOHN, MELNESS
245 _aTOY BOX
650 _aENGLISH STORY
942 _cBK
999 _c7747
_d7747